| 000 | 00793nas a2200265 4500 | ||
|---|---|---|---|
| 001 | BR0805420 | ||
| 003 | BR-BrBNA | ||
| 005 | 20231205112426.0 | ||
| 007 | ta | ||
| 008 | 230509b bl.|||p| |||| 00| 00por d | ||
| 040 |
_aBR-BrBNA _bpor _cBiblioteca Nacional de Agricultura |
||
| 041 | _a(En) | ||
| 072 | _aM12 | ||
| 100 | 1 | _aBraga, L.G.T. | |
| 100 | 1 | _aBorghesi, R. | |
| 100 | 1 | _aCyrino, J.E.P. | |
| 245 | 1 | _aApparent digestibility of ingredients in diets for Salminus brasiliensis | |
| 650 | _aDOURADO | ||
| 650 | _aDIETA | ||
| 650 | _aDIGESTIBILIDADE APARENTE | ||
| 650 | _aVALOR NUTRITIVO | ||
| 773 | 0 |
_tPesquisa Agropecuaria Brasileira (Brazil) _xISSN 0100-204X _g(Feb 2008), v. 43(2) p. 271-274 _wBR0805420 |
|
| 909 |
_a202311 _bLúcia _c55 _dLúcia Elande |
||
| 942 |
_2AGRIS _n0 _cANA |
||
| 999 |
_c198006 _d198006 |
||